Accounting for the multinational corporation / (Record no. 154575)

MARC details
000 -LEADER
fixed length control field 00889nam a2200253 a 4500
008 - FIXED-LENGTH DATA ELEMENTS--GENERAL INFORMATION
fixed length control field
020 ## - INTERNATIONAL STANDARD BOOK NUMBER
International Standard Book Number 0870941712 (hbk.)
049 ## - LOCAL HOLDINGS (OCLC)
Holding library MAIN
090 ## - LOCALLY ASSIGNED LC-TYPE CALL NUMBER (OCLC); LOCAL CALL NUMBER (RLIN)
Classification number (OCLC) (R) ; Classification number, CALL (RLIN) (NR) HF5686.I56 WAT
003 - CONTROL NUMBER IDENTIFIER
control field
005 - DATE AND TIME OF LATEST TRANSACTION
control field 20230123133801.0
040 ## - CATALOGING SOURCE
Transcribing agency NUST
100 1# - MAIN ENTRY--PERSONAL NAME
Personal name Watt, George C.
245 10 - TITLE STATEMENT
Title Accounting for the multinational corporation /
Statement of responsibility, etc. by George C. Watt, Richard M. Hammer, Marianne Burge.
260 ## - PUBLICATION, DISTRIBUTION, ETC.
Place of publication, distribution, etc. New York :
Name of publisher, distributor, etc. Research Foundation of Financial Executives Institute,
Date of publication, distribution, etc. c1977.
300 ## - PHYSICAL DESCRIPTION
Extent viii, 526 p. ;
Dimensions 28 cm.
504 ## - BIBLIOGRAPHY, ETC. NOTE
Bibliography, etc. note Includes bibliographical references.
650 #0 - SUBJECT ADDED ENTRY--TOPICAL TERM
Topical term or geographic name entry element International business enterprises
General subdivision Accounting.
650 #0 - SUBJECT ADDED ENTRY--TOPICAL TERM
Topical term or geographic name entry element International business enterprises
General subdivision Taxation
Geographic subdivision United States.
700 1# - ADDED ENTRY--PERSONAL NAME
Personal name Hammer, Richard M.
700 1# - ADDED ENTRY--PERSONAL NAME
Personal name Burge, Marianne.
907 ## - LOCAL DATA ELEMENT G, LDG (RLIN)
a .b10131528
b 20-06-06
c 27-07-04
942 ## - ADDED ENTRY ELEMENTS (KOHA)
Koha item type Ordinary Loan Books
Call number prefix HF5686.I56 WAT
Holdings
Date last seen Total Checkouts Full call number Barcode Cost, replacement price Price effective from Koha item type Lost status Source of classification or shelving scheme Damaged status Not for loan Collection Withdrawn status Home library Current library Shelving location Date acquired Cost, normal purchase price
01/23/2023   HF5686.I56 WAT 92003029518 80.00 01/23/2023 BOOKS   LCC     NFIC   MAIN MAIN GEN 01/23/2023 80.00